Разведочная геофизика. Часть 1 / ДО 2019: электронный курс
| Κύριος συγγραφέας: | |
|---|---|
| Συγγραφή απο Οργανισμό/Αρχή: | |
| Περίληψη: | Заглавие с экрана Основной целью курса является формирование у обучающихся следующего состава компетенций для подготовки к профессиональной деятельности: Умение разрабатывать технологические процессы геологоразведочных работ и корректировать эти процессы в зависимости от поставленных геологических и технологических задач в изменяющихся горно-геологических и технических условиях. 2. Выполнение разделов проектов и контроль за их выполнением по технологии геологоразведочных работ в соответствии с современными требованиями промышленности. Дисциплина предназначена для подготовки специалистов по направлению 21.05.03. Технология геологической разведки специализации "Геофизические методы исследования скважин" заочного отделения и изучается в 6 и 7 семестрах. В данном курсе (6 семестр) рассматриваются теоретические основы, методика полевых работ и интерпретация данных наземных геофизических методов: гравиразведки, магниторазведки, электроразведки. Доступ по логину и паролю |
| Γλώσσα: | Ρωσικά |
| Έκδοση: |
Томск, TPU Moodle, 2022
|
| Θέματα: | |
| Διαθέσιμο Online: | https://design.lms.tpu.ru/course/view.php?id=4093 |
| Μορφή: | Ηλεκτρονική πηγή Βιβλίο |
| KOHA link: | https://koha.lib.tpu.ru/cgi-bin/koha/opac-detail.pl?biblionumber=660345 |
MARC
| LEADER | 00000nlm0a2200000 4500 | ||
|---|---|---|---|
| 001 | 660345 | ||
| 005 | 20250428110725.0 | ||
| 035 | |a (RuTPU)RU\TPU\network\29652 | ||
| 035 | |a RU\TPU\network\29636 | ||
| 090 | |a 660345 | ||
| 100 | |a 20190617d2022 m y0rusy50 ca | ||
| 101 | 0 | |a rus | |
| 102 | |a RU | ||
| 105 | |a a j 000zy | ||
| 135 | |a jrcn ---uucaa | ||
| 181 | 0 | |a i | |
| 182 | 0 | |a b | |
| 200 | 1 | |a Разведочная геофизика. Часть 1 / ДО 2019 |e электронный курс |f Е. В. Гусев |g Национальный исследовательский Томский политехнический университет, Инженерная школа природных ресурсов, Отделение геологии | |
| 203 | |a Текст |c электронный | ||
| 210 | |c TPU Moodle |d 2022 |a Томск | ||
| 300 | |a Заглавие с экрана | ||
| 330 | |a Основной целью курса является формирование у обучающихся следующего состава компетенций для подготовки к профессиональной деятельности: Умение разрабатывать технологические процессы геологоразведочных работ и корректировать эти процессы в зависимости от поставленных геологических и технологических задач в изменяющихся горно-геологических и технических условиях. 2. Выполнение разделов проектов и контроль за их выполнением по технологии геологоразведочных работ в соответствии с современными требованиями промышленности. Дисциплина предназначена для подготовки специалистов по направлению 21.05.03. Технология геологической разведки специализации "Геофизические методы исследования скважин" заочного отделения и изучается в 6 и 7 семестрах. В данном курсе (6 семестр) рассматриваются теоретические основы, методика полевых работ и интерпретация данных наземных геофизических методов: гравиразведки, магниторазведки, электроразведки. | ||
| 333 | |a Доступ по логину и паролю | ||
| 606 | 1 | |a Геофизическая разведка |2 stltpush |3 (RuTPU)RU\TPU\subj\6259 |9 34187 | |
| 610 | 1 | |a электронный ресурс | |
| 610 | 1 | |a труды учёных ТПУ | |
| 610 | 1 | |a электронное обучение | |
| 610 | 1 | |a электронные курсы ТПУ | |
| 610 | 1 | |a электронные учебные пособия | |
| 610 | 1 | |a гравиметрические методы | |
| 610 | 1 | |a гравиразведка | |
| 610 | 1 | |a магнитные методы | |
| 610 | 1 | |a разведка | |
| 610 | 1 | |a магниторазведка | |
| 610 | 1 | |a электрические методы | |
| 610 | 1 | |a электроразведка | |
| 675 | |a 550.83(075.8) |v 4 | ||
| 700 | 1 | |a Гусев |b Е. В. |c геолог |c доцент Томского политехнического института, кандидат геолого-минералогических наук |c выпускник Томского политехнического института 1973 |f 1951- |g Евгений Владимирович |3 (RuTPU)RU\TPU\pers\18580 |9 6880 | |
| 712 | 0 | 2 | |a Национальный исследовательский Томский политехнический университет |b Инженерная школа природных ресурсов |b Отделение геологии |3 (RuTPU)RU\TPU\col\23542 |
| 801 | 2 | |a RU |b 63413507 |c 20220627 |g RCR | |
| 850 | |a 63413507 | ||
| 856 | 4 | |u https://design.lms.tpu.ru/course/view.php?id=4093 | |
| 942 | |c CF | ||